000 00666nam a2200205 i 4500
001 132992
003 ES-MaACL
005 20230906194310.0
007 t|
008 070214s1958 sp r ||||1| spa d
080 _a614.253
100 1 _aRoyo-Villanova Morales, Ricardo,
_d1899-1975
_9100240
245 1 3 _aLa responsabilidad profesional del médico /
_cDr. R. Royo-Villanova y Morales.
260 _aMadrid :
_bCultura Clásica y Moderna,
_c1958.
300 _a286 p. ;
_c19 cm.
650 4 _aMédicos-
_xResponsabilidad profesional.
_9150964
650 4 _aMédicos-
_xMoral profesional.
_914942
852 4 _aES-MaACL
_jC-14845
999 _c132992
_d132992